Strategic asset management in the social rented sector: approaches of Dutch and English housing associations (Record no. 61455)

000 -LEADER
fixed length control field 00468pab a2200169 454500
008 - FIXED-LENGTH DATA ELEMENTS--GENERAL INFORMATION
fixed length control field 180718b2004 xxu||||| |||| 00| 0 eng d
100 ## - MAIN ENTRY--PERSONAL NAME
Personal name Gruis, Vincent
245 ## - TITLE STATEMENT
Title Strategic asset management in the social rented sector: approaches of Dutch and English housing associations
260 ## - PUBLICATION, DISTRIBUTION, ETC.
Date of publication, distribution, etc. 2004
300 ## - PHYSICAL DESCRIPTION
Extent p.1229-248.
362 ## - DATES OF PUBLICATION AND/OR SEQUENTIAL DESIGNATION
Dates of publication and/or sequential designation Jun
650 ## - SUBJECT ADDED ENTRY--TOPICAL TERM
Topical term or geographic name entry element Housing
700 ## - ADDED ENTRY--PERSONAL NAME
Personal name Thomas, Andrew
700 ## - ADDED ENTRY--PERSONAL NAME
Personal name Nieboer, Ico
773 ## - HOST ITEM ENTRY
Main entry heading Urban Studies
909 ## -
-- 61455
Holdings
Withdrawn status Lost status Damaged status Not for loan Permanent Location Current Location Date acquired Serial Enumeration / chronology Barcode Date last seen Price effective from Koha item type
        Indian Institute of Public Administration Indian Institute of Public Administration 2018-07-19 Volume no: 41, Issue no: 7 AR61901 2018-07-19 2018-07-19 Articles

Powered by Koha